[Event "Galapagar op 09th"]
[Site "Galapagar"]
[Date "2008.07.20"]
[Round "2"]
[White "Serra Rogelio, Julian"]
[Black "De Luna Butz, Alberto"]
[Result "1-0"]
[WhiteElo "1998"]
[BlackElo "1823"]
[PlyCount "57"]
[EventDate "2008.07.19"]
[EventType "swiss"]
[EventRounds "9"]
[EventCountry "ESP"]
[SourceTitle "EXT 2009"]
[Source "ChessBase"]
[SourceDate "2008.11.26"]
[SourceVersion "1"]
[SourceVersionDate "2008.11.26"]
[SourceQuality "1"]

1. Nf3 Nc6 2. g3 e5 3. d3 f5 4. Bg2 Nf6 5. 0-0 Be7 6. e4 d6 7. Nc3 Be6 8. Ng5 Qd7 9. Nxe6 Qxe6 10. Nd5 0-0-0 11. b4 fxe4 12. dxe4 Rdg8 13. Be3 Kb8 14. c3 Qd7 15. Qa4 b6 16. Qb5 Bd8 17. a4 Ne7 18. Qe2 Nfxd5 19. exd5 g5 20. a5 g4 21. Ra2 h5 22. Rfa1 Nc8 23. c4 Bg5 24. Bxg5 Rxg5 25. c5 dxc5 26. bxc5 Ne7 27. c6 Qf5 28. axb6 Nc8 29. Qa6 1-0